| 000 | 01761cam a2200289 4500500 | ||
|---|---|---|---|
| 005 | 20260111094459.0 | ||
| 041 | _afre | ||
| 042 | _adc | ||
| 100 | 1 | 0 |
_aViret, Jérôme Luther _eauthor |
| 245 | 0 | 0 | _aLe pouvoir dans la famille |
| 260 | _c2006. | ||
| 500 | _a90 | ||
| 520 | _aRésuméEn complément des archives notariées, amplement utilisées par les historiens, les mémoires rédigés par les avocats ouvrent sur trois importants domaines de recherche. Ils aident d’abord à écrire une histoire de la justice et une histoire des notaires, puisque la procédure s’appuie largement sur des actes authentiques. Ils fournissent surtout une matière exceptionnellement riche pour écrire une histoire des familles. Le rôle des femmes, souvent caché, apparaît ici en pleine lumière. | ||
| 520 | _aComplementing notary archives, frequently used by historians, lawyers’ memoranda open up three important fields of research. First, they contribute to the writing of a history of justice, and second, of the notaries, since the procedure relied largely on notarial acts. Third ans most importantly, they provide exceptionally rich material on the history of the family. The role of women, often hidden in the sources, appears here in full light. | ||
| 690 | _aarchives judiciaires | ||
| 690 | _adroit romain | ||
| 690 | _afamille | ||
| 690 | _apouvoir domestique | ||
| 690 | _aVelay | ||
| 690 | _afamily | ||
| 690 | _ahousehold government | ||
| 690 | _alegal archives | ||
| 690 | _aroman law | ||
| 690 | _aVelay | ||
| 786 | 0 | _nHistoire & Sociétés Rurales | 26 | 2 | 2006-12-01 | p. 169-192 | 1254-728X | |
| 856 | 4 | 1 | _uhttps://shs.cairn.info/revue-histoire-et-societes-rurales-2006-2-page-169?lang=fr&redirect-ssocas=7080 |
| 999 |
_c1628618 _d1628618 |
||